Samoa : Selected Issues and Statistical Appendix.

This Selected Issues paper on Samoa reviews limitations to the existing framework of monetary policy, and suggests ways to improve its effectiveness. It examines current instruments at the disposal of the central bank to conduct monetary policy, before showing why monetary policy execution can be so...

Descripció completa

Dades bibliogràfiques
Autor corporatiu: International Monetary Fund
Format: Revista
Idioma:English
Publicat: Washington, D.C. : International Monetary Fund, 2007.
Col·lecció:IMF Staff Country Reports; Country Report ; No. 2007/184
Accés en línia:Full text available on IMF
LEADER 01590cas a2200241 a 4500
001 AALejournalIMF009332
008 230101c9999 xx r poo 0 0eng d
020 |c 5.00 USD 
020 |z 9781451840735 
022 |a 1934-7685 
040 |a BD-DhAAL  |c BD-DhAAL 
110 2 |a International Monetary Fund. 
245 1 0 |a Samoa :   |b Selected Issues and Statistical Appendix. 
264 1 |a Washington, D.C. :  |b International Monetary Fund,  |c 2007. 
300 |a 1 online resource (46 pages) 
490 1 |a IMF Staff Country Reports 
500 |a <strong>Off-Campus Access:</strong> No User ID or Password Required 
500 |a <strong>On-Campus Access:</strong> No User ID or Password Required 
506 |a Electronic access restricted to authorized BRAC University faculty, staff and students 
520 3 |a This Selected Issues paper on Samoa reviews limitations to the existing framework of monetary policy, and suggests ways to improve its effectiveness. It examines current instruments at the disposal of the central bank to conduct monetary policy, before showing why monetary policy execution can be sometimes difficult. It also shows that such problems are not uncommon in economies with shallow financial markets. The paper also takes stock of developments since the early 1990s, and asks what major impediments to sustained private development remain. 
538 |a Mode of access: Internet 
830 0 |a IMF Staff Country Reports; Country Report ;  |v No. 2007/184 
856 4 0 |z Full text available on IMF  |u http://elibrary.imf.org/view/journals/002/2007/184/002.2007.issue-184-en.xml  |z IMF e-Library